[Event "Berlin Spandau op"]
[Site "Berlin"]
[Date "2019.12.30"]
[Round "7"]
[White "Oginski, Ulrich"]
[Black "Hansch, Torsten"]
[Result "0-1"]
[WhiteElo "1843"]
[BlackElo "2107"]
[PlyCount "100"]
[EventDate "2019.12.27"]
[EventType "swiss"]
[EventRounds "7"]
[EventCountry "GER"]
[SourceTitle "CBM 194 Extra"]
[Source "ChessBase"]
[SourceDate "2020.03.31"]
[SourceVersion "1"]
[SourceVersionDate "2020.03.31"]
[SourceQuality "1"]

1. d4 d5 2. c4 e6 3. Nc3 Nf6 4. cxd5 exd5 5. Bg5 Be7 6. e3 c6 7. Bd3 Nbd7 8. Nf3 0-0 9. 0-0 Re8 10. Qc2 Nf8 11. h3 Ne4 12. Bxe7 Qxe7 13. Bxe4 dxe4 14. Nd2 f5 15. a3 Be6 16. f3 exf3 17. Nxf3 Ng6 18. e4 fxe4 19. Qxe4 Qd6 20. Rfe1 Re7 21. Qc2 Rf8 22. Ne4 Qf4 23. Neg5 Qf5 24. Qxf5 Bxf5 25. Rxe7 Nxe7 26. Re1 Nd5 27. Ne4 Bxh3 28. gxh3 Rxf3 29. Nd6 h6 30. Re8+ Kh7 31. Nxb7 Rxh3 32. Na5 Nf4 33. Re4 g5 34. Re7+ Kg6 35. Nxc6 Rb3 36. Ne5+ Kf5 37. Nc4 Rd3 38. Rxa7 Rxd4 39. Ne3+ Ke4 40. Re7+ Kf3 41. Nf5 Rd1+ 42. Kh2 h5 43. Re3+ Kf2 44. Rc3 g4 45. Rc2+ Kf3 46. a4 Ne2 47. a5 Rd5 48. Nh4+ Kf2 49. b4 Rd3 50. Nf5 Rh3# 0-1

[Event "Berlin Spandau op"]
[Site "Berlin"]
[Date "2019.12.27"]
[Round "2"]
[White "Hansch, Stephan"]
[Black "Oginski, Ulrich"]
[Result "1-0"]
[WhiteElo "2144"]
[BlackElo "1843"]
[PlyCount "24"]
[EventDate "2019.12.27"]
[EventType "swiss"]
[EventRounds "7"]
[EventCountry "GER"]
[SourceTitle "CBM 194 Extra"]
[Source "ChessBase"]
[SourceDate "2020.03.31"]
[SourceVersion "1"]
[SourceVersionDate "2020.03.31"]
[SourceQuality "1"]

1. d4 d5 2. c4 c6 3. Nc3 Nf6 4. e3 a6 5. Nf3 b5 6. b3 Bg4 7. Be2 e6 8. 0-0 Bd6 9. h3 Bh5 10. Bb2 Nbd7 11. Ne5 Nxe5 12. dxe5 Bxe5 1-0

[Event "Berlin Spandau op"]
[Site "Berlin"]
[Date "2018.12.27"]
[Round "2"]
[White "Oginski, Ulrich"]
[Black "Baumgardt, Uwe"]
[Result "1-0"]
[WhiteElo "1798"]
[BlackElo "2214"]
[PlyCount "66"]
[EventDate "2018.12.27"]
[EventType "swiss"]
[EventRounds "7"]
[EventCountry "GER"]
[SourceTitle "CBM 188 Extra"]
[Source "ChessBase"]
[SourceDate "2019.02.26"]
[SourceVersion "1"]
[SourceVersionDate "2019.02.26"]
[SourceQuality "1"]

1. c4 e5 2. Nc3 Nf6 3. Nf3 Nc6 4. g3 d5 5. cxd5 Nxd5 6. Bg2 Nb6 7. 0-0 Be7 8. a3 a5 9. d3 0-0 10. Be3 f5 11. Na4 Nxa4 12. Qxa4 h6 13. Qc4+ Kh7 14. Bc5 Bd6 15. b4 Qe7 16. Bxd6 cxd6 17. b5 Nd8 18. Rac1 Ne6 19. e3 Bd7 20. d4 e4 21. Nd2 Rfc8 22. Qb3 Nc7 23. a4 Be6 24. Qa3 Nd5 25. Rxc8 Rxc8 26. Rc1 Rxc1+ 27. Qxc1 Nb6 28. Qc3 Nxa4 29. Qxa5 Nb2 30. Qc3 Na4 31. Qa5 Nb2 32. Qc3 Nd3 33. Nxe4 Bc4 1-0

[Event "Berlin Eckbauer op 21st"]
[Site "Berlin"]
[Date "2018.11.26"]
[Round "7"]
[White "Kersten, Martin"]
[Black "Oginski, Ulrich"]
[Result "0-1"]
[WhiteElo "1830"]
[BlackElo "1798"]
[PlyCount "26"]
[EventDate "2018.10.08"]
[EventType "swiss"]
[EventRounds "7"]
[EventCountry "GER"]
[SourceTitle "CBM 189 Extra"]
[Source "ChessBase"]
[SourceDate "2019.06.03"]
[SourceVersion "1"]
[SourceVersionDate "2019.06.03"]
[SourceQuality "1"]

1. e4 e6 2. d4 d5 3. Nc3 Nf6 4. exd5 exd5 5. Bd3 Bd6 6. Nge2 0-0 7. 0-0 c6 8. Bg5 Bxh2+ 9. Kh1 Bd6 10. Nf4 h6 11. Bxf6 Qxf6 12. Nh3 Bxh3 13. gxh3 Qf4 0-1

[Event "Berlin Eckbauer op 21st"]
[Site "Berlin"]
[Date "2018.11.12"]
[Round "5"]
[White "Zimmer, Michel"]
[Black "Oginski, Ulrich"]
[Result "0-1"]
[WhiteElo "1728"]
[BlackElo "1798"]
[PlyCount "92"]
[EventDate "2018.10.08"]
[EventType "swiss"]
[EventRounds "7"]
[EventCountry "GER"]
[SourceTitle "CBM 189 Extra"]
[Source "ChessBase"]
[SourceDate "2019.06.03"]
[SourceVersion "1"]
[SourceVersionDate "2019.06.03"]
[SourceQuality "1"]

1. d4 Nf6 2. Bf4 g6 3. Nc3 d5 4. e3 Bg7 5. Be2 0-0 6. h4 h5 7. f3 c5 8. Qd2 Nc6 9. 0-0-0 Be6 10. Nb5 Rc8 11. dxc5 b6 12. Nc3 bxc5 13. Ba6 Rb8 14. Bxb8 Qxb8 15. Bb5 Nb4 16. Ba4 d4 17. exd4 cxd4 18. Nb5 Nxa2+ 19. Kb1 Nc3+ 20. bxc3 dxc3 21. Qe3 a6 22. Qa7 Qxa7 23. Nxa7 Rb8+ 24. Ka1 Rb2 25. Bb3 Bxb3 26. cxb3 c2 27. Rd8+ Ne8 28. Rxe8+ Kh7 29. Ne2 Rb1+ 30. Ka2 Rxh1 31. b4 c1Q 32. Nxc1 Rxc1 33. Rxe7 Kg8 34. Re8+ Bf8 35. Kb3 Kg7 36. Kb2 Rc7 37. Ra8 Bxb4 38. Nc8 Rc6 39. Kb3 a5 40. Ka4 Rc4 41. Kb5 Rxh4 42. Na7 Rh2 43. g4 hxg4 44. fxg4 Rg2 45. Nc6 Rxg4 46. Nxb4 axb4 0-1

[Event "Berlin Eckbauer op 20th"]
[Site "Berlin"]
[Date "2017.11.20"]
[Round "6"]
[White "Gebigke, Martin"]
[Black "Oginski, Ulrich"]
[Result "1/2-1/2"]
[WhiteElo "2111"]
[BlackElo "1798"]
[PlyCount "100"]
[EventDate "2017.10.09"]
[EventType "swiss"]
[EventRounds "7"]
[EventCountry "GER"]
[SourceTitle "CBM 189 Extra"]
[Source "ChessBase"]
[SourceDate "2019.06.03"]
[SourceVersion "1"]
[SourceVersionDate "2019.06.03"]
[SourceQuality "1"]

1. d4 d5 2. c4 e6 3. Nf3 Nf6 4. g3 Be7 5. Bg2 0-0 6. 0-0 dxc4 7. Qc2 a6 8. a4 Bd7 9. Qxc4 Bc6 10. Qd3 Be4 11. Qe3 Nc6 12. Rd1 Nb4 13. Na3 c5 14. Rd2 cxd4 15. Rxd4 Nbd5 16. Qb3 Qb6 17. Qxb6 Nxb6 18. Bg5 Bc6 19. a5 Na4 20. Nc4 Nc5 21. Ncd2 Rfd8 22. Rc4 Bb5 23. Bxf6 gxf6 24. Rg4+ Kf8 25. Kf1 f5 26. Rd4 Bc6 27. Rc4 Bd5 28. Rc2 Ne4 29. Nc4 Rac8 30. b3 Nd6 31. Rac1 Nxc4 32. bxc4 Be4 33. Ra2 Rc5 34. Ke1 Rdc8 35. Ra4 Bd8 36. Rca1 Rxc4 37. Rxc4 Rxc4 38. Ne5 Rb4 39. Bxe4 fxe4 40. Kd2 Bf6 41. Nd7+ Ke7 42. Nxf6 Kxf6 43. Rc1 h5 44. h4 Rb5 45. Rc7 Kg6 46. Ke3 f5 47. Re7 Kf6 48. Rh7 Kg6 49. Re7 Kf6 50. Rh7 Kg6 1/2-1/2

[Event "Berlin Lichtenberger op 16th"]
[Site "Berlin"]
[Date "2017.08.27"]
[Round "9"]
[White "Stein, Siegfried"]
[Black "Oginski, Ulrich"]
[Result "1-0"]
[WhiteElo "1761"]
[BlackElo "1882"]
[PlyCount "39"]
[EventDate "2017.08.19"]
[EventType "swiss"]
[EventRounds "9"]
[EventCountry "GER"]
[SourceTitle "CBM 180 Extra"]
[Source "ChessBase"]
[SourceDate "2017.10.06"]
[SourceVersion "1"]
[SourceVersionDate "2017.10.06"]
[SourceQuality "1"]

1. e4 c6 2. Nc3 d5 3. Nf3 Bg4 4. h3 Bxf3 5. Qxf3 e6 6. d4 Nf6 7. Bd2 dxe4 8. Nxe4 Qxd4 9. Bd3 Nxe4 10. Bxe4 Qf6 11. Qb3 Qe7 12. 0-0-0 Na6 13. Bf3 0-0-0 14. a3 g6 15. Be3 Kb8 16. Bxc6 Rxd1+ 17. Rxd1 Bg7 18. Rd7 Nc5 19. Bxc5 Qg5+ 20. Be3 1-0

[Event "Berlin Lichtenberger op 15th"]
[Site "Berlin"]
[Date "2016.08.14"]
[Round "2"]
[White "Schacht, Thomas"]
[Black "Oginski, Ulrich"]
[Result "0-1"]
[WhiteElo "1678"]
[BlackElo "1769"]
[PlyCount "50"]
[EventDate "2016.08.13"]
[EventType "swiss"]
[EventRounds "9"]
[EventCountry "GER"]
[SourceTitle "CBM 173 Extra"]
[Source "ChessBase"]
[SourceDate "2016.08.29"]
[SourceVersion "1"]
[SourceVersionDate "2016.08.29"]
[SourceQuality "1"]

1. d4 Nf6 2. c4 e6 3. Nc3 c5 4. Nf3 cxd4 5. Nxd4 Nc6 6. e4 Qc7 7. Be3 a6 8. a4 Bb4 9. Qc2 Ng4 10. Nf3 Nxe3 11. fxe3 0-0 12. Bd3 Ne5 13. Nd4 b6 14. 0-0-0 Bb7 15. h4 Rac8 16. b3 Ng4 17. Rhe1 Qg3 18. Bf1 Nxe3 19. Qd3 Nxf1 20. Rxf1 Qxd3 21. Rxd3 Bxc3 22. Rxc3 Bxe4 23. g4 d5 24. Rf4 h6 25. h5 e5 0-1

[Event "Berlin Eckbauer op 18th"]
[Site "Berlin"]
[Date "2015.10.12"]
[Round "2"]
[White "Toth, Ferenc2222"]
[Black "Oginski, Ulrich"]
[Result "1/2-1/2"]
[WhiteElo "1974"]
[BlackElo "1769"]
[PlyCount "120"]
[EventDate "2015.10.05"]
[EventType "swiss"]
[EventRounds "7"]
[EventCountry "GER"]
[SourceTitle "EXT 2022"]
[Source "ChessBase"]
[SourceDate "2021.10.06"]
[SourceVersion "1"]
[SourceVersionDate "2021.10.06"]
[SourceQuality "1"]

1. e4 c6 2. d4 d5 3. Nf3 dxe4 4. Ng5 Nf6 5. Bc4 e6 6. Nc3 Be7 7. 0-0 0-0 8. Ngxe4 Nbd7 9. Bf4 Nxe4 10. Nxe4 Nf6 11. Nxf6+ Bxf6 12. c3 Bg5 13. Be5 Bf6 14. Bg3 Bh4 15. Qg4 Bxg3 16. Qxg3 Qb6 17. b3 c5 18. Rad1 Re8 19. Rfe1 cxd4 20. Rxd4 Qc5 21. a4 a6 22. b4 Qe7 23. Qf3 Qc7 24. Qd3 b6 25. Rd1 g6 26. Rd6 Bb7 27. Qd4 Rac8 28. Qxb6 Qxb6 29. Rxb6 Rxc4 30. Rxb7 Rxc3 31. h3 Rc6 32. Rdd7 Rf8 33. Re7 e5 34. Rxe5 Rd8 35. Ree7 Rf6 36. f3 Rd1+ 37. Kh2 Ra1 38. a5 h5 39. Rb6 Rf5 40. h4 Ra2 41. Kg3 g5 42. hxg5 Rxg5+ 43. Kf4 Raxg2 44. Rxa6 Rd5 45. Ra8+ Kg7 46. Rb8 Rd6 47. Rb6 Rxb6 48. axb6 Rg6 49. b7 Rb6 50. Kg5 Rb5+ 51. Kh4 Kg6 52. Re4 Rxb7 53. Rc4 Rb5 54. f4 Rb6 55. Kg3 Rb5 56. Rd4 f6 57. Rc4 Rb8 58. Kh3 Rb5 59. Kg3 Rb6 60. Kf3 Kf7 1/2-1/2

[Event "Berlin Eckbauer op 17th"]
[Site "Berlin"]
[Date "2014.11.03"]
[Round "4"]
[White "Oginski, Ulrich"]
[Black "Brustkern, Juergen"]
[Result "0-1"]
[WhiteElo "1943"]
[BlackElo "2239"]
[PlyCount "94"]
[EventDate "2014.10.06"]
[EventType "swiss"]
[EventRounds "7"]
[EventCountry "GER"]
[SourceTitle "EXT 2022"]
[Source "ChessBase"]
[SourceDate "2021.10.06"]
[SourceVersion "1"]
[SourceVersionDate "2021.10.06"]
[SourceQuality "1"]

1. c4 f5 2. g3 Nf6 3. Bg2 e6 4. Nf3 Be7 5. 0-0 0-0 6. b3 d6 7. Bb2 e5 8. d3 Qe8 9. Nc3 Qh5 10. Nd5 Bd8 11. Nxf6+ Bxf6 12. Nd2 Nc6 13. e3 Qg6 14. f4 exf4 15. Bxf6 fxe3 16. Bc3 exd2 17. Qxd2 Bd7 18. b4 Rae8 19. b5 Nd8 20. Bd4 Ne6 21. Be3 b6 22. d4 Re7 23. Rae1 Rfe8 24. Qc1 h6 25. Bd5 Kh8 26. Bxe6 Rxe6 27. d5 Re4 28. Rf4 R4e5 29. Rff1 Qh5 30. Bf4 Re2 31. Rxe2 Rxe2 32. h4 g5 33. Qc3+ Kh7 34. Bc1 gxh4 35. Re1 hxg3 36. Qxg3 Qg4 37. Qxg4 Rxe1+ 38. Kf2 fxg4 39. Kxe1 Kg6 40. a4 h5 41. a5 Kf5 42. Be3 Ke4 43. Bf2 Kd3 44. c5 bxc5 45. b6 cxb6 46. axb6 axb6 47. Bg3 Ke4 0-1

[Event "Berlin Eckbauer op 15th"]
[Site "Berlin"]
[Date "2012.11.26"]
[Round "7.13"]
[White "Oginski, Ulrich"]
[Black "Prix, Siegfried"]
[Result "1/2-1/2"]
[WhiteElo "1863"]
[BlackElo "1799"]
[PlyCount "40"]
[EventDate "2012.10.15"]
[EventType "swiss"]
[EventRounds "7"]
[EventCountry "GER"]
[SourceTitle "EXT 2022"]
[Source "ChessBase"]
[SourceDate "2021.10.06"]
[SourceVersion "1"]
[SourceVersionDate "2021.10.06"]
[SourceQuality "1"]

1. Nf3 d5 2. d4 Nf6 3. c4 c6 4. Nc3 dxc4 5. a4 Bf5 6. e3 e6 7. Bxc4 Bb4 8. 0-0 0-0 9. Qe2 Ne4 10. Nxe4 Bxe4 11. Bd2 Bxf3 12. gxf3 Bd6 13. f4 Qh4 14. Qf3 Nd7 15. Qg3 Be7 16. Qxh4 Bxh4 17. a5 c5 18. Bc3 cxd4 19. Bxd4 Rfc8 20. b3 Bf6 1/2-1/2

[Event "Berlin Eckbauer op 13th"]
[Site "Berlin"]
[Date "2010.09.20"]
[Round "2.10"]
[White "Oginski, Ulrich"]
[Black "Batzaya, Ayush"]
[Result "1-0"]
[WhiteElo "1826"]
[BlackElo "1964"]
[PlyCount "91"]
[EventDate "2010.09.13"]
[EventType "swiss"]
[EventRounds "7"]
[EventCountry "GER"]
[SourceTitle "EXT 2022"]
[Source "ChessBase"]
[SourceDate "2021.10.06"]
[SourceVersion "1"]
[SourceVersionDate "2021.10.06"]
[SourceQuality "1"]

1. Nf3 d5 2. d4 Nc6 3. c4 Bg4 4. Nc3 dxc4 5. d5 Bxf3 6. exf3 Ne5 7. Bf4 Nd3+ 8. Bxd3 cxd3 9. Qxd3 a6 10. Rd1 Nf6 11. 0-0 Qd7 12. Ne4 Nh5 13. Be3 b6 14. Rfe1 h6 15. Qc4 f5 16. Nc3 Nf6 17. Bf4 Ra7 18. h4 Kd8 19. Re6 Ne8 20. Qd3 Kc8 21. Qxf5 g5 22. Be5 Bg7 23. hxg5 hxg5 24. Qxg5 Bxe5 25. Qxe5 Rh7 26. Re1 Kd8 27. Rg6 Nf6 28. Ne4 Qe8 29. Nxf6 Qxg6 30. Nxh7 Qxh7 31. f4 Qf7 32. f5 Kd7 33. Qe6+ Qxe6 34. dxe6+ Ke8 35. g4 Ra8 36. Rd1 c5 37. Kf1 c4 38. Ke2 Rc8 39. Rh1 Kd8 40. Rh8+ Kc7 41. Rxc8+ Kxc8 42. g5 Kd8 43. f6 exf6 44. gxf6 b5 45. Ke3 a5 46. Kd4 1-0

[Event "Berlin Lichtenberger op 9th"]
[Site "Berlin"]
[Date "2010.08.15"]
[Round "9"]
[White "Kohlmeyer, Dagobert"]
[Black "Oginski, Ulrich"]
[Result "0-1"]
[WhiteElo "1888"]
[BlackElo "1826"]
[PlyCount "94"]
[EventDate "2010.08.07"]
[EventType "swiss"]
[EventRounds "9"]
[EventCountry "GER"]
[SourceTitle "CBM 137 Extra"]
[Source "ChessBase"]
[SourceDate "2010.09.01"]
[SourceVersion "1"]
[SourceVersionDate "2010.09.01"]
[SourceQuality "1"]

1. e4 c6 2. d4 d5 3. Nc3 dxe4 4. Nxe4 Nd7 5. Nf3 Ngf6 6. Nxf6+ Nxf6 7. Bc4 Nd5 8. Ne5 g6 9. 0-0 Bg7 10. c3 0-0 11. Ng4 Nb6 12. Bb3 Bxg4 13. Qxg4 Qd7 14. Qe4 e6 15. Re1 Nd5 16. Bc2 Rfd8 17. Bg5 Bf6 18. Bh6 Bg7 19. Bxg7 Kxg7 20. h4 h5 21. Bb3 Qe7 22. Rad1 Qf6 23. Rd3 Ne7 24. Rf3 Nf5 25. g3 Rd7 26. Rf4 Rad8 27. Kg2 Qe7 28. Qe5+ Qf6 29. Qxf6+ Kxf6 30. Bc2 Rd5 31. b4 a6 32. a4 Kg7 33. Bxf5 gxf5 34. a5 b6 35. axb6 Rb5 36. b7 Rxb7 37. Ra1 Ra8 38. f3 Rb5 39. Ra4 a5 40. c4 Rxb4 41. Rxb4 axb4 42. c5 b3 43. d5 Rb8 44. dxc6 b2 45. c7 b1Q 46. cxb8Q Qxb8 47. Rc4 Qb3 0-1

[Event "Berlin Lichtenberger op 9th"]
[Site "Berlin"]
[Date "2010.08.07"]
[Round "1"]
[White "Lippianowski, Stefan"]
[Black "Oginski, Ulrich"]
[Result "0-1"]
[WhiteElo "1301"]
[BlackElo "1826"]
[PlyCount "75"]
[EventDate "2010.08.07"]
[EventType "swiss"]
[EventRounds "9"]
[EventCountry "GER"]
[SourceTitle "CBM 137 Extra"]
[Source "ChessBase"]
[SourceDate "2010.09.01"]
[SourceVersion "1"]
[SourceVersionDate "2010.09.01"]
[SourceQuality "1"]

1. e4 c6 2. Nc3 d5 3. d3 e5 4. Nf3 d4 5. Ne2 Bd6 6. Bd2 Ne7 7. c3 c5 8. Ng3 Nbc6 9. Qb3 0-0 10. Bg5 h6 11. Bxe7 Qxe7 12. Nd2 Be6 13. Nc4 Rab8 14. Qd1 b5 15. Nd2 g6 16. Be2 h5 17. Ngf1 dxc3 18. bxc3 Rfd8 19. Ne3 Qd7 20. Rg1 Bf8 21. g4 hxg4 22. Bxg4 Bxg4 23. Nxg4 Bg7 24. Qf3 Qxd3 25. Rd1 Qxf3 26. Nxf3 Rxd1+ 27. Kxd1 b4 28. h4 Kf8 29. h5 gxh5 30. Ne3 bxc3 31. Rg5 Nd4 32. Kc1 Nxf3 33. Rxh5 Nd4 34. Nf5 Nxf5 35. Rxf5 Rb4 36. f3 Rb2 37. a4 Bh6+ 38. Kd1 0-1

[Event "Berlin Eckbauer op 12th"]
[Site "Berlin"]
[Date "2009.10.12"]
[Round "5.15"]
[White "Oginski, Ulrich"]
[Black "Richter, Dirk"]
[Result "1-0"]
[WhiteElo "1857"]
[BlackElo "1448"]
[PlyCount "57"]
[EventDate "2009.09.14"]
[EventType "swiss"]
[EventRounds "7"]
[EventCountry "GER"]
[SourceTitle "EXT 2022"]
[Source "ChessBase"]
[SourceDate "2021.10.06"]
[SourceVersion "1"]
[SourceVersionDate "2021.10.06"]
[SourceQuality "1"]

1. c4 f5 2. g3 c6 3. Bg2 Nf6 4. Nf3 e6 5. b3 Be7 6. Bb2 0-0 7. 0-0 d5 8. d3 Nbd7 9. Nbd2 Bd6 10. cxd5 exd5 11. e3 Ng4 12. d4 Ndf6 13. Ne1 Ne4 14. Nd3 Nxd2 15. Qxd2 Nf6 16. f3 Bd7 17. b4 a6 18. Bc3 b5 19. Rfe1 Re8 20. Rad1 Ra7 21. Nf2 Bc8 22. e4 fxe4 23. fxe4 dxe4 24. Nxe4 Nxe4 25. Bxe4 Bb7 26. d5 c5 27. bxc5 Bxc5+ 28. Bd4 Qb6 29. Bxh7+ 1-0